Como escuchar la música /

Guardado en:
Autor Principal: Copland, Aaron
Formato: Libro
Publicado: México : Fondo de Cultura Económica, 1994
Edición:2a. ed.
Materias:
Etiquetas: Agregar Etiqueta
Sin Etiquetas, Sea el primero en etiquetar este registro!
LEADER 01080nam a22002295a 4500
001 CEM.cems009931
005 20080410093610.0
008 130507s1994##################000#0#####d
003 CEMS
020 |a 9681651022 
082 0 4 |a 780 
100 1 |a Copland, Aaron 
245 1 0 |a Como escuchar la música /  |c Aaron Copland, Introducción de William Schuman 
250 |a 2a. ed. 
260 |a México :  |b Fondo de Cultura Económica,  |c 1994 
300 |a 284 p. 
505 0 |a Cómo escuchamos -- El proceso creador en la música -- Los cuatro elementos de la música -- La textura musical -- La estructura musical -- Las formas fundamentales -- La ópera y el drama musical -- La música contemporánea -- La música de películas -- Del compositor al intérprete y de éste al oyente 
653 |a Música 
859 |a CEMS  |b BIB. CEMS - 11 de abril  |h 780  |i C651a2  |p 20251.99  |t Ej.1 
859 |a CEMS  |b BIB. CEMS - 11 de abril  |h 780  |i C651a2  |p 20252.99  |t Ej.2 
859 |a CEMS  |b BIB. CEMS - 11 de abril  |h 780  |i C651a2  |p 20253.99  |t Ej.3 
859 |a CEMS  |b BIB. CEMS - 11 de abril  |h 780  |i C651a2  |p 25080.08  |t Ej.4